| 000 | 00452nam a2200145 a 4500 | ||
|---|---|---|---|
| 008 | 120416s0000 ||||||||||||||||| || u | ||
| 020 | _a0718108957 | ||
| 050 | _aPR 6068.O8S3 | ||
| 100 | _aRosenberg, John | ||
| 245 | 1 | 4 | _aThe savages |
| 260 |
_aLondon _bMichael Joseph _c1971 |
||
| 300 | _a192p. | ||
| 350 | _a0.00 | ||
| 995 |
_D0.00 _FCBU-MAIN LIBRARY (Kitwe) _H1 _I4.94 _M1 _UAVAILABLE _ZFiction Collection |
||
| 999 |
_c56980 _d56980 |
||